Visualizzazione normale
Vista MARC
- Lai Francis
di Personal Name
Records bibliografici associati: 1
001 - CONTROL NUMBER
- control field: 13218
003 - CONTROL NUMBER IDENTIFIER
- control field: IT-RoPau
005 - DATE AND TIME OF LATEST TRANSACTION
- control field: 20140212221748.0
008 - FIXED-LENGTH DATA ELEMENTS
- fixed length control field: 140212|| aca||aabn | a|a d
040 ## - CATALOGING SOURCE
- Original cataloging agency: IT-RoPau
- Transcribing agency: IT-RoPau
100 ## - HEADING--PERSONAL NAME
- Personal name: Lai Francis
- Miscellaneous information: Codice autore testo/musica SPICS: 10971
- Relator term: Autore testo/musica
- Name of part/section of a work: Pupo biondo
670 ## - SOURCE DATA FOUND
- Source citation: Work cat.: (IT-RoPau)99696: AA.VV. 794, Una gita a li castelli